| 000 | 01897nam a2200325Ia 4500 | ||
|---|---|---|---|
| 999 |
_c49579 _d49579 |
||
| 001 | 16511 | ||
| 003 | GE_BSU | ||
| 005 | 20250123173518.0 | ||
| 008 | 181216s2010||||ge |||||||||||||| ||geo|| | ||
| 020 | _a978-9941-422-08-9 | ||
| 040 | _cGE_BSU | ||
| 041 | _ageo | ||
| 100 |
_aგამსახურდია, კ. (კონსტანტინე, 1891-1975) _916499 |
||
| 245 |
_aმთვარის მოტაცება : _bტრილოგია. კარი 1 / _c[შემდგ. მანანა არჩვაძე-გამსახურდია ; სარედ. ჯგუფი : ზურაბ აბაშიძე [და სხვ.]]. |
||
| 264 |
_aთბილისი : _bპალიტრა L, _c2010. |
||
| 300 |
_a312 გვ. ; _c20 სმ. |
||
| 490 |
_aქართული პროზის საგანძური, 1987-8850 : _vტ. 24 |
||
| 500 | _aტექსტი მომზადებულია 1936 წლის გამოცემის მიხედვით | ||
| 500 | _a ზოგიერთ სიტყვათა განმარტებისათვის : გვ. 296-310 | ||
| 520 | _aტექსტი მომზადებულია 1936 წლის გამოც. მიხედვით. | ||
| 541 | _h8ლ. | ||
| 653 | _aმთვარის მოტაცება | ||
| 653 | _aრომანი | ||
| 653 | _aტრილოგია | ||
| 700 |
_a არჩვაძე-გამსახურდია, მანანა _eშემდგენელი _924107 |
||
| 700 |
_aაბაშიძე, ზურაბ _eრედაქტორი _91322 |
||
| 700 |
_aჯანელიძე, მანანა _eრედაქტორი _91323 |
||
| 700 |
_aხარშილაძე, ირმა _eრედაქტორი _924108 |
||
| 942 |
_cBK _2udc |
||